[Event "Irkutsk Baykal op"]
[Site "Irkutsk"]
[Date "2014.06.12"]
[Round "6"]
[White "Grekhneva, Yana"]
[Black "Anisimov, Alexander"]
[Result "1-0"]
[WhiteElo "1508"]
[BlackElo "2293"]
[PlyCount "57"]
[EventDate "2014.06.07"]
[EventType "swiss"]
[EventRounds "9"]
[EventCountry "RUS"]
[SourceTitle "CBM 161 Extra"]
[Source "ChessBase"]
[SourceDate "2014.08.29"]
[SourceVersion "1"]
[SourceVersionDate "2014.08.29"]
[SourceQuality "1"]

1. d4 d5 2. c4 c6 3. Nf3 Nf6 4. Nc3 a6 5. Bg5 e6 6. e3 Be7 7. Qc2 Nbd7 8. cxd5 cxd5 9. Bd3 h6 10. Bh4 0-0 11. h3 b5 12. 0-0 Bb7 13. Qd2 Ne4 14. Bxe4 dxe4 15. Bxe7 Qxe7 16. Nh2 f5 17. f3 Nf6 18. fxe4 Nxe4 19. Nxe4 Bxe4 20. Rac1 Rac8 21. Nf3 Bxf3 22. Rxf3 Rc7 23. e4 fxe4 24. Rxf8+ Kxf8 25. Qf4+ Qf6 26. Qxf6+ gxf6 27. Rxc7 f5 28. Kf2 f4 29. g3 1-0